000 00433nam a2200145 a 4500
001 000024303
005 20200930022907.0
008 110126s1971 dr 001 0 spa d
040 _aDO-SdBNP
_bspa
_cBNPHU
245 0 0 _aProyecto integrado desarrollo agropecuario /.
260 _aSanto Domingo :
_bUniversidad Nacional Pedro Henríquez Ureña,
_c1971.
300 _av. ;
_c28 cm.
505 2 _av. 3, Centro de recria
049 _aBNPD
999 _c23796
_d23796